Guia per a l'ambientalització de jornades / [coordinació: Gerència de Serveis de Medi Ambient] Gerència de Serveis de Medi Ambient]
Descripción Física:
101 p. : quadres ; 29 cm
MARC
| LEADER | 00000nam a2200000Ia 4500 | ||
|---|---|---|---|
| 001 | 22655 | ||
| 008 | 160829s2009 xx 000 0 cat d | ||
| 080 | |a C-3-298 | ||
| 245 | |a Guia per a l'ambientalització de jornades / [coordinació: |b Gerència de Serveis de Medi Ambient] | ||
| 260 | |a Barcelona : |b Diputació de Barcelona. Àrea de Medi Ambient, |c 2009 | ||
| 300 | |a 101 p. : |b quadres ; |c 29 cm | ||
| 590 | |a Bibliografia | ||
| 650 | 0 | |a Medi ambient |v Congressos |9 8382 | |
| 650 | 0 | |a Congressos i conferències |9 48301 | |
| 710 | |a Barcelona (Catalunya : Província). |b Àrea de Medi Ambient |9 52987 | ||
| 710 | 1 | |a Barcelona (Catalunya : Província). |b Gerència de Serveis de Medi Ambient |e entitat editora |9 53088 | |
| 901 | |a Arxiu | ||
| 942 | |n 1 |2 udc | ||
| 952 | |0 0 |1 0 |4 0 |6 C3298 |7 1 |9 52267 |a Arxiu |b Arxiu |d 2016-12-01 |l 0 |o C-3-298 |p 22655 |r 2016-12-01 00:00:00 |w 2016-12-01 |y ARXIU | ||
| 999 | |c 56115 |d 56115 | ||